[Event "Tata Steel TOP 81st"]
[Site "Wijk aan Zee"]
[Date "2019.01.21"]
[Round "4"]
[White "Kosakowski, Jakub"]
[Black "Beukema, Stefan"]
[Result "1/2-1/2"]
[WhiteElo "2404"]
[BlackElo "2414"]
[PlyCount "93"]
[EventDate "2019.01.18"]
[EventType "tourn"]
[EventRounds "9"]
[EventCountry "NED"]
[EventCategory "7"]
[SourceTitle "CBM 188 Extra"]
[Source "ChessBase"]
[SourceDate "2019.02.26"]
[SourceVersion "1"]
[SourceVersionDate "2019.02.26"]
[SourceQuality "1"]

1. e4 e5 2. Nf3 Nc6 3. Bc4 Bc5 4. c3 Nf6 5. d3 a6 6. a4 d6 7. 0-0 Ba7 8. h3 0-0 9. Re1 Be6 10. Nbd2 h6 11. b4 Ne7 12. Nf1 Ng6 13. Ng3 Qd7 14. Bxe6 fxe6 15. d4 exd4 16. cxd4 Qf7 17. Qc2 Kh8 18. Ra3 d5 19. e5 Nd7 20. Be3 Nb6 21. Nd2 Nh4 22. Rc3 c6 23. b5 Nd7 24. bxc6 bxc6 25. Rxc6 Nxe5 26. Rc7 Nd7 27. Qc6 Rfd8 28. Rb1 Bb8 29. Rc8 Rxc8 30. Qxc8+ Kh7 31. Qc6 Ra7 32. Rb7 Rxb7 33. Qxb7 a5 34. Ndf1 Qe8 35. Bd2 Nf6 36. Bxa5 Qxa4 37. Bd8 Bxg3 38. Qb1+ Ng6 39. Nxg3 Qxd4 40. Qc2 Ne4 41. Nxe4 dxe4 42. Bc7 e3 43. fxe3 Qxe3+ 44. Kh2 e5 45. Qf5 Qe2 46. Bb6 e4 47. Bd4 1/2-1/2